Výroba kyseliny adipovej

Saved in:
Bibliographic Details
Main Author: Straka, Tadeáš (Author)
Other Authors: Labovská, Zuzana (Thesis advisor)
Format: Manuscript Book
Language:Slovak
Published: 2025
Subjects:
Online Access:http://is.stuba.sk/zp/portal_zp.pl?podrobnosti=176112
Tags: Add Tag
No Tags, Be the first to tag this record!

MARC

LEADER 00000ntm a22000003a 4500
001 stuzp105107
003 SK-STU
005 20250628212346.8
007 ta
008 150427s2015----xo-----f-mn---000-0-slo-d
040 |a STU  |b slo 
041 0 |a slo 
100 1 |a Straka, Tadeáš  |u 046230  |4 aut  |U FCHPT Ústav chemického a environmentálneho inžinierstva  |T FCHPT Oddelenie chemického a biochemického inžinierstva  |X 121428  |U C6230  |Y 119  |7 121428 
242 0 1 |a Production of the Adipic Acid  |y eng 
245 1 0 |a Výroba kyseliny adipovej 
260 |c 2025 
650 4 |a kyselina adipová  |2 slo 
650 4 |a optimalizácia parametrov  |2 slo 
650 4 |a matematické modelovanie  |2 slo 
650 4 |a zefektívnenie výroby  |2 slo 
650 4 |a mathematical modelling  |2 eng 
650 4 |a improving production efficiency  |2 eng 
650 4 |a adipic acid  |2 eng 
650 4 |a optimalisation of parameters  |2 eng 
700 1 |a Labovská, Zuzana  |u 046230  |k Z1  |4 ths  |U FCHPT Ústav chemického a environmentálneho inžinierstva  |T FCHPT Oddelenie chemického a biochemického inžinierstva  |X 10276  |U C6230  |Y 119  |7 A000010276 
856 4 |u http://is.stuba.sk/zp/portal_zp.pl?podrobnosti=176112